[Event "KATOWICE OPEN 2019"]
[Site "SchemingMind.com"]
[Date "2019.09.15"]
[Round "-"]
[White "Janusz Szopa"]
[Black "Mihir Chandrashekhar"]
[Result "1-0"]
[WhiteCountry "POL"]
[BlackCountry "IND"]
[WhiteElo "2439"]
[WhiteRD "95"]
[BlackElo "1862"]
[BlackRD "51"]
[GameID "445825"]

1. e4 e5 2. Nf3 Nc6 3. Bc4 Bc5 4. c3 Nf6 5. d4 exd4 6. cxd4 Bb4+ 7. Bd2 d5 8. exd5 Bxd2+ 9. Nbxd2 Nxd5 10. O-O O-O
11. Re1 Bg4 12. Qc2 Bxf3 13. Nxf3 Nb6 14. Bd3 Nd5 15. Bxh7+
1-0

[Event "KATOWICE OPEN 2019"]
[Site "SchemingMind.com"]
[Date "2019.09.21"]
[Round "-"]
[White "Janusz Szopa"]
[Black "Matthew Bailey"]
[Result "0-1"]
[WhiteCountry "POL"]
[BlackCountry "ENG"]
[WhiteElo "2353"]
[WhiteRD "99"]
[BlackElo "2492"]
[BlackRD "65"]
[GameID "446198"]

1. e4 c5 2. Nf3 d6 3. d4 cxd4 4. Nxd4 Nf6 5. Nc3 a6 6. Bc4 e6 7. Bb3 Nbd7 8. O-O Nc5 9. f3 Be7 10. Be3 O-O
11. Qd2 Qc7 12. Rfd1 Re8 13. Qf2 b5 14. a3 Rb8 15. Ba2 Ncd7 16. Qg3 Ne5 17. Bh6 Ng6 18. Be3 Ne5 19. Bh6 Ng6 20. Be3 Qb7
21. Nce2 Kh8 22. c3 Ne5 23. b3 Qc7 24. Bb1 a5 25. h3 a4 26. f4 Ng6 27. Bd3 axb3 28. Nxb3 e5 29. f5 Nf8 30. Qf3 d5
31. exd5 Rd8 32. Nd2 Bb7 33. c4 bxc4 34. Bxc4 Nxd5 35. Bxd5 Bxd5 36. Qf2 Qa5 37. Rdc1 Rbc8 38. Ng3 Nd7 39. Nde4 Rxc1+ 40. Rxc1 Qxa3
41. Rc7 h6 42. Qe2 Nf6 43. Nxf6 Bxf6 44. Nh5 Qd6 45. Rc1 Bg5 46. Bxg5 hxg5 47. Qe3 f6 48. Qc5 Bf7 49. Qxd6 Rxd6 50. Ng3 Bd5
51. Nf1 Be4 52. Ne3 Kg8 53. Rc8+ Kf7 54. Rc7+ Kf8 55. Rc8+ Ke7 56. Rc4 Rd4 57. Rc7+ Rd7 58. Rc4 Bd3 59. Rc3 Bb5 60. Rb3 Bc6
61. Rc3 Bb5 62. Rb3 Rb7 63. Kf2 Kd6 64. Nc4+ Kc5 65. Nd2 Bc6 66. Rc3+ Kd5 67. Rd3+ Kc5 68. Rc3+ Kd6 69. Nc4+ Kd7 70. g4 Bb5
71. Ne3 Kd6 72. Kg3 e4 73. h4 Ke5 74. hxg5 fxg5 75. Rc8 Kd4 76. Kf2 Bd7 77. Rd8 Rb2+ 78. Kg3 Kxe3 79. Rxd7 Rb1 80. Kg2 Kf4
81. Rxg7 Rb2+ 82. Kh3 Rb6 83. Rg6 Rb3+ 84. Kg2 Kxg4 85. Kf2 Kf4 86. f6 e3+ 87. Kg1 Rb1+ 88. Kg2 Rb2+ 89. Kg1 Rb5 90. f7 Rf5
91. Kf1 Rxf7 92. Ke2 g4
0-1

[Event "KATOWICE OPEN 2019"]
[Site "SchemingMind.com"]
[Date "2019.09.20"]
[Round "-"]
[White "Mihir Chandrashekhar"]
[Black "Matthew Bailey"]
[Result "0-1"]
[WhiteCountry "IND"]
[BlackCountry "ENG"]
[WhiteElo "1862"]
[WhiteRD "51"]
[BlackElo "2363"]
[BlackRD "63"]
[GameID "446199"]

1. d4 Nf6 2. c4 e6 3. Nf3 b6 4. g3 Bb7 5. Bg2 Bb4+ 6. Bd2 Bxd2+ 7. Nbxd2 d6 8. Qc2 O-O 9. O-O c5 10. e3 Nbd7
11. Nh4 Qb8 12. Bxb7 Qxb7 13. d5 exd5 14. Nf5 g6 15. Nxd6 Qc6
0-1

[Event "KATOWICE OPEN 2019"]
[Site "SchemingMind.com"]
[Date "2019.09.27"]
[Round "-"]
[White "Janusz Szopa"]
[Black "Goz"]
[Result "1-0"]
[WhiteCountry "POL"]
[BlackCountry "ENG"]
[WhiteElo "2433"]
[WhiteRD "91"]
[BlackElo "1578"]
[BlackRD "75"]
[GameID "446375"]

1. e4 e5 2. Nf3 d6 3. d4 Bg4 4. dxe5 Bxf3 5. Qxf3 dxe5 6. Bc4 Nf6 7. Qb3 Qd7 8. Qxb7 Qc6 9. Bb5 Bb4+ 10. Bd2 Bxd2+
11. Nxd2 O-O 12. Bxc6 Nxc6 13. Qxc6 Rfc8 14. O-O-O Ng4 15. Qc5 f6 16. Nc4 a6 17. Rd7 Rd8 18. Qd5+
1-0

[Event "KATOWICE OPEN 2019"]
[Site "SchemingMind.com"]
[Date "2019.10.01"]
[Round "-"]
[White "Mihir Chandrashekhar"]
[Black "Goz"]
[Result "1-0"]
[WhiteCountry "IND"]
[BlackCountry "ENG"]
[WhiteElo "1801"]
[WhiteRD "52"]
[BlackElo "1611"]
[BlackRD "76"]
[GameID "446376"]

1. d4 d5 2. Nf3 h6 3. c4 c6 4. g3 Nf6 5. Bg2 dxc4 6. Qc2 Be6 7. Na3 b5 8. Ne5 Bd5 9. e4 Bxe4 10. Bxe4 Qxd4
11. Nxc6 Nxc6 12. Bxc6+ Nd7 13. Be3 Qd6 14. Bxa8 a6 15. Rd1 e6 16. Rxd6 Bxd6 17. Bc6 Ke7 18. Bxd7 Kxd7 19. Ke2 Ke7 20. Rd1 f5
21. Nxc4 bxc4 22. Qxc4 a5 23. Qc6 Rd8 24. Rxd6
1-0

[Event "KATOWICE OPEN 2019"]
[Site "SchemingMind.com"]
[Date "2019.09.26"]
[Round "-"]
[White "Goz"]
[Black "Matthew Bailey"]
[Result "0-1"]
[WhiteCountry "ENG"]
[BlackCountry "ENG"]
[WhiteElo "1578"]
[WhiteRD "75"]
[BlackElo "2303"]
[BlackRD "62"]
[GameID "446377"]

1. d4 f5 2. c4 Nf6 3. Nc3 b6 4. e3 Bb7 5. d5 Na6 6. a3 c6 7. dxc6 dxc6 8. Bd2 e6 9. Nf3 Nc5 10. Nd4 Qd7
11. Be2 e5 12. Nb3 Nd3+ 13. Bxd3 Qxd3 14. Nc1 Qxc4 15. N1e2 Rd8 16. O-O Be7 17. b3 Qe6 18. Qc2 Ba6 19. Rfe1 O-O 20. Ng3 Bd3
21. Qb2 h5 22. Na2 h4 23. Ne2 h3 24. Ng3 Ne4 25. Nxe4 fxe4 26. Nb4 Qg4
0-1

[Event "KATOWICE OPEN 2019"]
[Site "SchemingMind.com"]
[Date "2019.09.29"]
[Round "-"]
[White "Goz"]
[Black "Arnold Jones"]
[Result "0-1"]
[WhiteCountry "ENG"]
[BlackCountry "ENG"]
[WhiteElo "1624"]
[WhiteRD "72"]
[BlackElo "1535"]
[BlackRD "66"]
[GameID "446454"]

1. d4 Nf6 2. c4 Nc6 3. e3 e5 4. d5 Na5 5. b3 b6 6. Bd2 Nb7 7. Nf3 d6 8. Nc3 e4 9. Nd4 Bg4 10. Be2 Qd7
11. Bxg4 Nxg4 12. h3 Nf6 13. O-O g6 14. Nde2 Bg7 15. Ng3 Qe7 16. Rb1 h5 17. Ngxe4 Nxe4 18. Nxe4 Qxe4 19. f3 Qe7 20. Kh2 h4
21. Be1 Qxe3 22. g3 hxg3+ 23. Bxg3 O-O-O 24. Re1 Qh6 25. h4 Bf6 26. Re4 g5 27. Qd2 Be5 28. Rg4 Bxg3+ 29. Rxg3 Qxh4+ 30. Kg1 Qh1+
31. Kf2 Rh2+ 32. Ke3 Re8+ 33. Kd3 Rxd2+ 34. Kc3 Qxb1
0-1

[Event "KATOWICE OPEN 2019"]
[Site "SchemingMind.com"]
[Date "2019.09.28"]
[Round "-"]
[White "Arnold Jones"]
[Black "Janusz Szopa"]
[Result "0-1"]
[WhiteCountry "ENG"]
[BlackCountry "POL"]
[WhiteElo "1457"]
[WhiteRD "65"]
[BlackElo "2433"]
[BlackRD "91"]
[GameID "446455"]

1. c4 Nf6 2. d4 g6 3. Nf3 Bg7 4. e3 O-O 5. Nc3 d5 6. Ne5 c5 7. Be2 Be6 8. Qb3 cxd4 9. Qxb7 dxc3 10. Qxa8 Ne4
11. Nc6 Nxc6 12. Qxc6 cxb2 13. Rb1 Qa5+ 14. Kf1 Qxa2 15. Bd3 bxc1=Q+
0-1

[Event "KATOWICE OPEN 2019"]
[Site "SchemingMind.com"]
[Date "2019.09.29"]
[Round "-"]
[White "Matthew Bailey"]
[Black "Arnold Jones"]
[Result "1-0"]
[WhiteCountry "ENG"]
[BlackCountry "ENG"]
[WhiteElo "2303"]
[WhiteRD "62"]
[BlackElo "1457"]
[BlackRD "65"]
[GameID "446456"]

1. e4 e5 2. Nf3 Nc6 3. Bc4 f5 4. d3 f4 5. g3 fxg3 6. hxg3 Bc5 7. Nc3 Bb4 8. Ng5 Nf6 9. Nf7 Qe7 10. Nxh8 Bxc3+
11. bxc3 d6 12. Rxh7 Nxh7 13. Qh5+
1-0

[Event "KATOWICE OPEN 2019"]
[Site "SchemingMind.com"]
[Date "2019.10.03"]
[Round "-"]
[White "Mihir Chandrashekhar"]
[Black "Arnold Jones"]
[Result "1-0"]
[WhiteCountry "IND"]
[BlackCountry "ENG"]
[WhiteElo "1820"]
[WhiteRD "58"]
[BlackElo "1584"]
[BlackRD "66"]
[GameID "446457"]

1. e4 c5 2. Nf3 e6 3. d4 Nf6 4. Nc3 cxd4 5. Nxd4 e5 6. Ndb5 d6 7. Bg5 Be7 8. Be2 a6 9. Na3 b6 10. Bxf6 Bxf6
11. Qd5 Ra7 12. Rd1 Be7 13. Nc4 Bb7 14. Nxd6+ Bxd6 15. Qxd6 Qxd6 16. Rxd6 Nd7 17. Bg4 Bc8 18. Bxd7+ Ke7 19. Rxb6 Rxd7 20. Nd5+ Kd8
21. Ke2 f5 22. f3 fxe4 23. fxe4 Rf8 24. Rf1 Rdf7 25. Rxf7 Rxf7 26. h3 h5 27. c4 h4 28. Rd6+ Rd7 29. Rxd7+ Bxd7 30. Kd3 Be6
31. b4 Kc8 32. a4 Kb7 33. b5 axb5 34. axb5 Bxd5 35. exd5
1-0

[Event "KATOWICE OPEN 2019"]
[Site "SchemingMind.com"]
[Date "2019.10.01"]
[Round "-"]
[White "Goz"]
[Black "Raymond de Kemp"]
[Result "0-1"]
[WhiteCountry "ENG"]
[BlackCountry "NED"]
[WhiteElo "1624"]
[WhiteRD "72"]
[BlackElo "1743"]
[BlackRD "80"]
[GameID "446461"]

1. d4 Nf6 2. c4 e6 3. c5 b6 4. b4 Bb7 5. e3 g6 6. Be2 Bxg2 7. Bf3 Bxh1 8. Bxh1 c6 9. b5 bxc5 10. bxc6 dxc6
11. Qa4 Qc7 12. Ba3 Be7 13. Nf3 O-O 14. Ne5 Bd6 15. Nxc6 Nxc6 16. Bxc6 Rac8 17. Bb5 e5 18. Nd2 exd4 19. exd4 cxd4 20. Bxd6 Qxd6
21. Nf3 d3 22. Qd4 Qe7+ 23. Ne5 Qb7 24. Qxd3 Rfd8 25. Qf1 Rc5 26. Nxf7 Qxf7 27. f3 Qd5 28. Be2 Qd2+ 29. Kf2 Rf5 30. Kg1 Qe3+
31. Kh1 Ne4 32. Bc4+ Kg7 33. Re1 Nf2+
0-1

[Event "KATOWICE OPEN 2019"]
[Site "SchemingMind.com"]
[Date "2019.09.29"]
[Round "-"]
[White "Raymond de Kemp"]
[Black "Janusz Szopa"]
[Result "0-1"]
[WhiteCountry "NED"]
[BlackCountry "POL"]
[WhiteElo "1723"]
[WhiteRD "81"]
[BlackElo "2433"]
[BlackRD "91"]
[GameID "446462"]

1. d4 Nf6 2. Nf3 g6 3. Bg5 Bg7 4. Nbd2 c5 5. e3 b6 6. c3 O-O 7. Bd3 d5 8. Qe2 Bb7 9. h4 Nc6 10. h5 Nxh5
11. Rxh5 gxh5 12. Nh4 Bc8 13. Qxh5 f5 14. O-O-O Qe8 15. Qf3 cxd4 16. exd4 e5 17. Bxf5 e4 18. Qh3 Nxd4 19. cxd4 Bxf5 20. Nxf5 Qc8+
21. Kb1 Qxf5 22. Qxf5 Rxf5 23. Be3 Raf8 24. Rc1 Rxf2 25. Bxf2 Rxf2 26. Nb3 Rxg2 27. Rc8+ Kf7 28. Rc7+ Kg6
0-1

[Event "KATOWICE OPEN 2019"]
[Site "SchemingMind.com"]
[Date "2019.10.04"]
[Round "-"]
[White "Raymond de Kemp"]
[Black "Mihir Chandrashekhar"]
[Result "0-1"]
[WhiteCountry "NED"]
[BlackCountry "IND"]
[WhiteElo "1743"]
[WhiteRD "80"]
[BlackElo "1862"]
[BlackRD "51"]
[GameID "446463"]

1. d4 Nf6 2. Nf3 e6 3. Bg5 Be7 4. Nbd2 b6 5. e4 Bb7 6. Bd3 h6 7. Bxf6 Bxf6 8. e5 Be7 9. Qe2 O-O 10. h4 c5
11. Ne4 d5 12. exd6 Bxd6 13. Nxd6 Qxd6 14. dxc5 Qxc5 15. O-O-O Nd7 16. Bh7+ Kxh7 17. Ng5+ Kg8 18. Rxd7 hxg5 19. Rxb7 Qd5 20. Qh5 g6
21. Qh6 Rfd8 22. b3 Rac8 23. hxg5 Qd2+ 24. Kb2 Rxc2+
0-1

[Event "KATOWICE OPEN 2019"]
[Site "SchemingMind.com"]
[Date "2019.09.29"]
[Round "-"]
[White "Matthew Bailey"]
[Black "Raymond de Kemp"]
[Result "1-0"]
[WhiteCountry "ENG"]
[BlackCountry "NED"]
[WhiteElo "2363"]
[WhiteRD "63"]
[BlackElo "1743"]
[BlackRD "80"]
[GameID "446464"]

1. e4 e5 2. Nf3 Nc6 3. Bc4 Bc5 4. c3 Nf6 5. d3 d6 6. O-O h6 7. Nbd2 O-O 8. Re1 a6 9. Nf1 b5 10. Bb3 Bb7
11. Ng3 Ne7 12. Nh4 Bc8 13. d4 exd4 14. cxd4 Bb4 15. Re3 Ng4 16. Rf3 Bb7 17. Rf4 Bc8 18. Rxg4 Bxg4 19. Qxg4 Kh8 20. Nh5 Ng6
21. Nf5 Qd7 22. Qh3 Rae8 23. Nhxg7 Rxe4 24. Qxh6+ Kg8 25. Be3
1-0

[Event "KATOWICE OPEN 2019"]
[Site "SchemingMind.com"]
[Date "2019.09.29"]
[Round "-"]
[White "Arnold Jones"]
[Black "Raymond de Kemp"]
[Result "0-1"]
[WhiteCountry "ENG"]
[BlackCountry "NED"]
[WhiteElo "1457"]
[WhiteRD "65"]
[BlackElo "1723"]
[BlackRD "81"]
[GameID "446465"]

1. d4 f5 2. c4 Nf6 3. e3 c6 4. Bd3 d5 5. Nf3 e6 6. c5 b6 7. b4 Be7 8. Ne5 O-O 9. b5 bxc5 10. dxc5 Bxc5
11. Ba3 Qa5+ 12. Qd2 Qxd2+ 13. Nxd2 Bxa3 14. bxc6 Bb2 15. Rd1 Bxe5 16. Rc1 Na6 17. Nf3 Bb2 18. Bxa6 Bxa6 19. Rc2 Rab8 20. Nd2 Ba3
21. f3 Rb2 22. Rxb2 Bxb2 23. Kf2 Rc8 24. Rb1 Bc3 25. Nf1 Rxc6 26. Rc1 d4 27. Kg3 dxe3 28. Nxe3 Be5+ 29. f4 Bxf4+ 30. Kxf4 Rxc1
0-1

[Event "KATOWICE OPEN 2019"]
[Site "SchemingMind.com"]
[Date "2019.10.09"]
[Round "-"]
[White "Goz"]
[Black "David Perna-Fraser"]
[Result "0-1"]
[WhiteCountry "ENG"]
[BlackCountry "CAN"]
[WhiteElo "1624"]
[WhiteRD "72"]
[BlackElo "1876"]
[BlackRD "71"]
[GameID "446684"]

1. d4 Nf6 2. c4 e6 3. c5 b6 4. b4 bxc5 5. bxc5 Bb7 6. Nc3 d6 7. Bg5 dxc5 8. dxc5 Bxc5 9. Ne4 Qxd1+ 10. Rxd1 Bxe4
11. Bxf6 Bb4+ 12. Rd2 gxf6 13. f3 Bd5 14. a4 Bxd2+ 15. Kxd2 Nc6 16. e4 Bb3 17. Bb5 O-O-O+ 18. Kc3 Nd4 19. Bc4 Bxc4 20. Kxc4 e5
21. Nh3 Rd6 22. Rb1 Rb6 23. Rxb6 axb6 24. Nf2 Kd7 25. Nd1 Ra8 26. Kb4 c5+ 27. Ka3 b5
0-1

[Event "KATOWICE OPEN 2019"]
[Site "SchemingMind.com"]
[Date "2019.10.09"]
[Round "-"]
[White "David Perna-Fraser"]
[Black "Janusz Szopa"]
[Result "0-1"]
[WhiteCountry "CAN"]
[BlackCountry "POL"]
[WhiteElo "1944"]
[WhiteRD "67"]
[BlackElo "2447"]
[BlackRD "98"]
[GameID "446685"]

1. e4 c5 2. Nf3 d6 3. d4 cxd4 4. Nxd4 Nf6 5. Nc3 a6 6. f3 e5 7. Nb3 Be6 8. Be3 Be7 9. Qd2 O-O 10. g4 d5
11. exd5 Nxd5 12. Nxd5 Bh4+ 13. Bf2 Bxd5 14. Bxh4 Qxh4+ 15. Qf2 Qf6 16. g5 Qxg5 17. Rg1 Qf4 18. Qg2 g6 19. Nd2 Nc6
0-1

[Event "KATOWICE OPEN 2019"]
[Site "SchemingMind.com"]
[Date "2019.10.09"]
[Round "-"]
[White "David Perna-Fraser"]
[Black "Mihir Chandrashekhar"]
[Result "1-0"]
[WhiteCountry "CAN"]
[BlackCountry "IND"]
[WhiteElo "1944"]
[WhiteRD "67"]
[BlackElo "1801"]
[BlackRD "52"]
[GameID "446686"]

1. e4 e5 2. Nf3 Nc6 3. Bb5 Nf6 4. O-O d6 5. Re1 Be7 6. d3 O-O 7. h3 h6 8. c3 Be6 9. Nbd2 a6 10. Bxc6 bxc6
11. d4 exd4 12. Nxd4 Qd7 13. N2f3 c5 14. Nf5 Bxf5 15. exf5 Rfe8 16. g4 Rf8 17. Qe2
1-0

[Event "KATOWICE OPEN 2019"]
[Site "SchemingMind.com"]
[Date "2019.10.09"]
[Round "-"]
[White "Matthew Bailey"]
[Black "David Perna-Fraser"]
[Result "1-0"]
[WhiteCountry "ENG"]
[BlackCountry "CAN"]
[WhiteElo "2363"]
[WhiteRD "63"]
[BlackElo "1876"]
[BlackRD "71"]
[GameID "446687"]

1. d4 Nf6 2. c4 e6 3. Nf3 Bb4+ 4. Bd2 Bxd2+ 5. Qxd2 b6 6. Nc3 Bb7 7. Qf4 O-O 8. e4 d5 9. cxd5 exd5 10. e5 Ne4
11. Bd3 f5 12. exf6 Rxf6 13. Qe3 Re6 14. O-O Nc5 15. Bxh7+
1-0

[Event "KATOWICE OPEN 2019"]
[Site "SchemingMind.com"]
[Date "2019.10.09"]
[Round "-"]
[White "Arnold Jones"]
[Black "David Perna-Fraser"]
[Result "0-1"]
[WhiteCountry "ENG"]
[BlackCountry "CAN"]
[WhiteElo "1583"]
[WhiteRD "68"]
[BlackElo "1926"]
[BlackRD "76"]
[GameID "446688"]

1. d4 Nf6 2. c4 e6 3. Nc3 Bb4 4. a3 Bxc3+ 5. bxc3 b6 6. e3 Bb7 7. Nf3 Ne4 8. Qc2 f5 9. Be2 d6 10. Bb2 Nd7
11. d5 e5 12. g4 fxg4 13. Qxe4 gxf3 14. Qxf3 Qf6 15. h4 Rf8 16. Qg2 Nc5 17. Rh2 Na4 18. Rb1 a5 19. Qe4 g6 20. h5 Nc5
21. Qg2 g5 22. e4 h6 23. Bc1 Na4 24. Bd2 Nc5 25. f3 Bc8 26. Qf1 Bd7 27. Bd1 Bg4 28. Rh1 Bxf3 29. Bxf3 Qxf3 30. Qxf3 Rxf3
31. Ke2 Nxe4 32. Be3 Rf7 33. Kd3 Nf2+ 34. Bxf2 Rxf2 35. a4 Kd7 36. Rbf1 Raf8 37. Ra1 R8f3+
0-1

[Event "KATOWICE OPEN 2019"]
[Site "SchemingMind.com"]
[Date "2019.10.09"]
[Round "-"]
[White "Raymond de Kemp"]
[Black "David Perna-Fraser"]
[Result "0-1"]
[WhiteCountry "NED"]
[BlackCountry "CAN"]
[WhiteElo "1776"]
[WhiteRD "80"]
[BlackElo "1927"]
[BlackRD "71"]
[GameID "446689"]

1. d4 Nf6 2. Nf3 e6 3. Bg5 h6 4. Bh4 Be7 5. Nbd2 O-O 6. e4 d5 7. e5 Ne4 8. Bxe7 Qxe7 9. Bd3 Nxd2 10. Qxd2 Bd7
11. c3 Nc6 12. h4 f6 13. O-O-O fxe5 14. dxe5 a5 15. Rh3 a4 16. g4 a3 17. b3 Na5 18. Bc2 Qf7 19. Ng5 Qf4 20. f3 hxg5
21. Qxf4 gxf4 22. h5 Kf7 23. h6 Rh8 24. g5 gxh6 25. gxh6 Rag8 26. Rh4 Nc6 27. Rxf4+ Ke7 28. h7 Rg5 29. Rg4 Rxg4 30. fxg4 Nxe5
31. g5 Be8 32. Rh1 Bg6 33. Bxg6 Nxg6 34. Rh6 Kf7
0-1

[Event "KATOWICE OPEN 2019"]
[Site "SchemingMind.com"]
[Date "2019.10.11"]
[Round "-"]
[White "Geoffrey Rosser"]
[Black "Goz"]
[Result "1-0"]
[WhiteCountry "ENG"]
[BlackCountry "ENG"]
[WhiteElo "1996"]
[WhiteRD "62"]
[BlackElo "1624"]
[BlackRD "72"]
[GameID "446900"]

1. e4 c5 2. c3 a6 3. Nf3 d6 4. d4 Bd7 5. Bd3 g6 6. O-O Bg7 7. Qb3 h6 8. Qxb7 Nc6 9. Qb3 cxd4 10. Nxd4 Nxd4
11. cxd4 Bxd4 12. Bc4 e6 13. Nc3 Nf6 14. Ne2 Bc5 15. Qd3 O-O 16. Bxh6 Re8 17. Bg5 a5 18. Qf3 Kg7 19. Rad1 Bc6 20. Nd4 Bxd4
21. Rxd4 e5 22. Bxf6+ Qxf6 23. Qxf6+ Kxf6 24. Rxd6+ Ke7 25. Rxc6 Rec8 26. Rxc8 Rxc8 27. Bb3 Rb8 28. f4 f6 29. f5 g5 30. Rf2 Rb4
31. Bd5 Rd4 32. Rc2 g4 33. Rc7+ Kd6 34. Rf7 Rxd5 35. Rxf6+ Kc5 36. exd5 Kxd5 37. Ra6 e4 38. f6 e3 39. Ra8 Kd4 40. f7 e2
41. Kf2 Kd3 42. f8=Q
1-0

[Event "KATOWICE OPEN 2019"]
[Site "SchemingMind.com"]
[Date "2019.10.16"]
[Round "-"]
[White "David Perna-Fraser"]
[Black "Geoffrey Rosser"]
[Result "1/2-1/2"]
[WhiteCountry "CAN"]
[BlackCountry "ENG"]
[WhiteElo "1927"]
[WhiteRD "71"]
[BlackElo "1964"]
[BlackRD "58"]
[GameID "446901"]

1. e4 e5 2. Nf3 Nc6 3. Bb5 Nf6 4. O-O Nxe4 5. Re1 Nd6 6. Bxc6 dxc6 7. Nxe5 Be7 8. d4 O-O 9. c3 Bf6 10. Bf4 Bxe5
11. Bxe5 Nc4 12. Qc2 Re8 13. Nd2 Nxe5 14. Rxe5 Rxe5 15. dxe5 Bg4 16. Re1 Qg5 17. Re3 Rd8 18. Rd3 Rxd3 19. Qxd3 Bf5 20. Qe2 Qg6
21. a3 Bh3 22. f3 Be6 23. Ne4 f6 24. exf6 gxf6 25. Nc5 Bc8 26. Qc4+ Qf7 27. Qd4 Qe7 28. Qc4+ Kg7 29. Kf2 b6 30. Ne4 c5
31. Ng3 Qf7 32. Qe2 Qe6 33. Qd2 Ba6 34. Nh5+ Kf7 35. Nf4 Qd6=
1/2-1/2

[Event "KATOWICE OPEN 2019"]
[Site "SchemingMind.com"]
[Date "2019.10.13"]
[Round "-"]
[White "Janusz Szopa"]
[Black "Geoffrey Rosser"]
[Result "1-0"]
[WhiteCountry "POL"]
[BlackCountry "ENG"]
[WhiteElo "2433"]
[WhiteRD "91"]
[BlackElo "1919"]
[BlackRD "66"]
[GameID "446902"]

1. e4 e5 2. Nf3 Nc6 3. Bc4 Nf6 4. d4 exd4 5. O-O Nxe4 6. Re1 d5 7. Bxd5 Qxd5 8. Nc3 Qd8 9. Rxe4+ Be6 10. Nxd4 Nxd4
11. Rxd4 Qc8 12. Bg5 Be7 13. Bxe7 Kxe7 14. Qh5 h6 15. Qc5+ Kf6 16. Rg4 Bxg4 17. Nd5+
1-0

[Event "KATOWICE OPEN 2019"]
[Site "SchemingMind.com"]
[Date "2019.10.16"]
[Round "-"]
[White "Mihir Chandrashekhar"]
[Black "Geoffrey Rosser"]
[Result "0-1"]
[WhiteCountry "IND"]
[BlackCountry "ENG"]
[WhiteElo "1862"]
[WhiteRD "51"]
[BlackElo "1996"]
[BlackRD "62"]
[GameID "446903"]

1. d4 Nf6 2. c4 g6 3. Nf3 d5 4. g3 Bg7 5. Bg2 dxc4 6. Qc2 O-O 7. Qxc4 Nc6 8. Nc3 Nd7 9. O-O Nb6 10. Qd3 Nxd4
11. Rd1 Nxf3+ 12. Qxf3 Qe8 13. e4 Nc4 14. b3 Ne5 15. Qe3 Bg4 16. f3 Bd7 17. Bb2 a6 18. Nd5 Rc8 19. Rac1 Nxf3+ 20. Bxf3 Bxb2
21. Nxc7 Qd8
0-1

[Event "KATOWICE OPEN 2019"]
[Site "SchemingMind.com"]
[Date "2019.10.11"]
[Round "-"]
[White "Geoffrey Rosser"]
[Black "Matthew Bailey"]
[Result "0-1"]
[WhiteCountry "ENG"]
[BlackCountry "ENG"]
[WhiteElo "1996"]
[WhiteRD "62"]
[BlackElo "2363"]
[BlackRD "63"]
[GameID "446904"]

1. e4 c5 2. c3 e6 3. Nf3 Nc6 4. d4 d5 5. exd5 Qxd5 6. Be2 cxd4 7. Nxd4 Nxd4 8. Qxd4 Qxd4 9. cxd4 Bd7 10. Nc3 Bc6
11. Bb5 Bxb5 12. Nxb5 Kd7 13. Ke2 Nf6 14. Bf4 Bb4 15. Rac1 a6 16. Rc7+ Kd8 17. Nc3 Bxc3 18. Rxc3 Nd5 19. Rf3 Rc8 20. Bd2 Ke7
21. Bc3 Rc4 22. Rc1 Rd8 23. Kd3 Rdc8 24. Kd2 g5 25. Rh3 g4 26. Rxh7 b5 27. Rg7 b4 28. Bxb4+ Nxb4 29. Rxc4 Rxc4 30. Rxg4 Rc2+
31. Ke3 Nd5+ 32. Kf3 Rxb2 33. h4 Nf6 34. Rg5 Rxa2 35. Rc5 Ra3+ 36. Ke2 Nd5 37. g3 Kf6 38. Rc8 a5 39. Rg8 a4 40. h5 Ra1
41. Kf3 a3 42. Kg2 a2 43. h6 Rg1+ 44. Kxg1 a1=Q+ 45. Kh2 Qf1 46. h7 Qxf2+ 47. Kh1 Qf3+ 48. Kg1 Qd1+ 49. Kh2 Qc2+
0-1

[Event "KATOWICE OPEN 2019"]
[Site "SchemingMind.com"]
[Date "2019.10.12"]
[Round "-"]
[White "Geoffrey Rosser"]
[Black "Arnold Jones"]
[Result "1-0"]
[WhiteCountry "ENG"]
[BlackCountry "ENG"]
[WhiteElo "1919"]
[WhiteRD "66"]
[BlackElo "1457"]
[BlackRD "65"]
[GameID "446905"]

1. e4 c5 2. c3 d6 3. Nf3 e5 4. Bb5+ Bd7 5. Bxd7+ Nxd7 6. O-O Ne7 7. Na3 d5 8. Nb5 Qb6 9. a4 dxe4 10. Ng5 Nf6
11. Re1 a6 12. Na3 e3 13. dxe3 Rd8 14. Qc2 Ng6 15. Nc4 Qc7 16. b3 a5 17. Nd2 h6 18. Nge4 Nd5 19. Ba3 b6 20. Rad1 f5
21. Ng3 Nde7 22. Nxf5 Nxf5 23. Qxf5 Qc6 24. Nf3 Rxd1 25. Rxd1 e4 26. Ne5 Nxe5 27. Qxe5+ Kf7 28. Qf5+ Ke7 29. Rd5 Ke8 30. Qxe4+ Be7
31. Rd8+
1-0

[Event "KATOWICE OPEN 2019"]
[Site "SchemingMind.com"]
[Date "2019.10.11"]
[Round "-"]
[White "Geoffrey Rosser"]
[Black "Raymond de Kemp"]
[Result "0-1"]
[WhiteCountry "ENG"]
[BlackCountry "NED"]
[WhiteElo "1996"]
[WhiteRD "62"]
[BlackElo "1743"]
[BlackRD "80"]
[GameID "446906"]

1. e4 Nc6 2. Nf3 d6 3. d4 Bg4 4. Be2 e6 5. O-O Nf6 6. Nc3 Be7 7. d5 exd5 8. exd5 Bxf3 9. Bxf3 Ne5 10. Be2 O-O
11. f4 Ng6 12. Rf3 Nh4 13. Rh3 Nd7 14. Bd3 c6 15. g3 Qb6+ 16. Kf1 Ng6 17. dxc6 bxc6 18. Qh5 h6 19. Bxg6 fxg6 20. Qxg6 Ne5
21. Qe6+ Rf7 22. g4 Kh8 23. g5 Bxg5 24. Ne2 Raf8 25. Rb3 Qc5 26. Kg2 Qxc2 27. Kf2 Bh4+ 28. Rg3 Re7 29. Qxd6 Nd3+
0-1

[Event "KATOWICE OPEN 2019"]
[Site "SchemingMind.com"]
[Date "2019.10.11"]
[Round "-"]
[White "Phillip Beckett"]
[Black "Geoffrey Rosser"]
[Result "1/2-1/2"]
[WhiteCountry "ENG"]
[BlackCountry "ENG"]
[WhiteElo "1497"]
[WhiteRD "51"]
[BlackElo "1919"]
[BlackRD "66"]
[GameID "446922"]

1. e4 e5 2. Nf3 Nc6 3. Bb5 Nf6 4. O-O Nxe4 5. d4 Be7 6. Bxc6 bxc6 7. Nxe5 O-O 8. Re1 Nf6 9. Ng4 Nxg4 10. Qxg4 d5
11. Qg3 Bf6 12. c3 Bf5 13. Bf4 Bh4 14. Qf3 Rb8 15. b3 Be4 16. Qd1 Qf6 17. Bg3 Bxg3 18. hxg3 h5 19. f3 Bf5 20. Nd2 Qg6
21. Nf1 Bd3 22. Ne3 Ba6 23. g4 hxg4 24. Nxg4 f6 25. Qb1 Bd3 26. Qc1 Rbe8 27. Qd2 Rxe1+ 28. Rxe1 Bb1 29. Qb2 Bf5 30. Qe2 Bd7
31. Nf2 Re8 32. Qd1 Rxe1+ 33. Qxe1 Qe8 34. Qxe8+ Bxe8 35. Nd3 Kf7 36. Nf4 Ke7 37. Kf2 a5 38. a3 Kd6 39. b4 axb4 40. axb4 Bf7
41. Ke3 Kd7 42. Nd3 g5 43. g3 Kd6=
1/2-1/2

[Event "KATOWICE OPEN 2019"]
[Site "SchemingMind.com"]
[Date "2019.10.11"]
[Round "-"]
[White "Goz"]
[Black "Phillip Beckett"]
[Result "0-1"]
[WhiteCountry "ENG"]
[BlackCountry "ENG"]
[WhiteElo "1624"]
[WhiteRD "72"]
[BlackElo "1503"]
[BlackRD "52"]
[GameID "446923"]

1. d4 d5 2. e3 e6 3. a3 c5 4. c3 Nc6 5. Bb5 cxd4 6. Bxc6+ bxc6 7. cxd4 Nf6 8. Nc3 Be7 9. Nf3 O-O 10. Ne5 Qc7
11. O-O Nd7 12. f4 c5 13. Nb5 Qb6 14. a4 Nxe5 15. fxe5 cxd4 16. exd4 a6 17. Nc3 Bd7 18. b3 Rfc8 19. Ne2 f5 20. exf6 Bxf6
21. Be3 Qb4 22. Rf3 Rab8 23. Bf2 Rc7 24. Rb1 Rbc8 25. g3 Rc2 26. h4 Rd2 27. Qf1 Rcc2 28. Re3 Bxd4 29. Nxd4 Qxd4 30. Re2 Qd3
31. Rxd2 Qxd2 32. Bb6 Qh2#
0-1

[Event "KATOWICE OPEN 2019"]
[Site "SchemingMind.com"]
[Date "2019.10.13"]
[Round "-"]
[White "Phillip Beckett"]
[Black "Janusz Szopa"]
[Result "0-1"]
[WhiteCountry "ENG"]
[BlackCountry "POL"]
[WhiteElo "1497"]
[WhiteRD "51"]
[BlackElo "2433"]
[BlackRD "91"]
[GameID "446924"]

1. e4 d6 2. d4 Nf6 3. Nc3 g6 4. Nf3 Bg7 5. h3 O-O 6. Be2 c6 7. O-O Nbd7 8. Be3 e5 9. dxe5 dxe5 10. Qd2 Qe7
11. Bh6 b5 12. Bxg7 Kxg7 13. a3 Bb7 14. Rad1 a5 15. Qd6 Qxd6 16. Rxd6 Nc5 17. Nd2 Ne8 18. Nxb5 Nxe4 19. Nxe4 cxb5 20. Rd7 Bxe4
21. Bxb5 Bxc2 22. Rc1 Bb3 23. Re7 Kf6 24. Rxe8 Rfxe8 25. Bxe8 Rxe8 26. Rc6+ Re6 27. Rc5 a4 28. Kf1 Rd6
0-1